000
00230nam a2200097Ia 4500
008
170619s9999 xx 000 0 und d
100
_a
Botros- Nazeih
245
0
_a
HDL Programming VHDL and Verilog
260
_b
Dreamtech
260
_c
2008
546
_a
ENGLISH
999
_c
20437
_d
20437